000 00621nam a2200241Ia 4500
001 12343
005 20240113235353.0
007 ta
008 170315s ii a g b000 u asm u
040 _aCotton College,Assam
041 _aasm
082 _a891.41
_bK 125 P
100 _aKalita, Dandinath .
245 0 _aPradip /
_cDandinath Kalita.
_hTextual Documents
250 _a3rd ed. /
260 _aTezpur :
_bDandinath Kalita ,
_cnd.
300 _a146p. :
_bill ;
_c17cm .
653 _aAssamese Literature
653 _aG-Assamese
942 _2ddc
_cBK
999 _c12329
_d12329